[Event "Puhajarve rap op 17th"]
[Site "Puhajarve"]
[Date "2016.11.25"]
[Round "2"]
[White "Blomqvist, Erik"]
[Black "Medar, Marti"]
[Result "0-1"]
[WhiteElo "2567"]
[BlackElo "1985"]
[PlyCount "70"]
[EventDate "2016.11.25"]
[EventType "tourn (rapid)"]
[EventRounds "35"]
[EventCountry "EST"]
[SourceTitle "EXT 2018"]
[Source "ChessBase"]
[SourceDate "2017.10.13"]
[SourceVersion "1"]
[SourceVersionDate "2017.10.13"]
[SourceQuality "1"]

1. Nf3 c6 2. g3 d6 3. d4 Qc7 4. Bg2 Bg4 5. c4 Nd7 6. Nc3 Ngf6 7. 0-0 e5 8. h3 Bh5 9. g4 Bg6 10. Nh4 Be7 11. Nxg6 hxg6 12. e3 g5 13. Qc2 Nf8 14. Rd1 Ng6 15. b4 Nh4 16. Bh1 Ng6 17. Bg2 Nh4 18. b5 Rc8 19. bxc6 bxc6 20. Rb1 0-0 21. Ba3 Rfd8 22. Bh1 d5 23. Bxe7 Qxe7 24. dxe5 Qxe5 25. Ne2 Ne4 26. Rb7 Nxf2 27. Kxf2 Qh2+ 28. Ke1 Qxh1+ 29. Kd2 Qxh3 30. c5 Re8 31. Qd3 Nf3+ 32. Kc1 Ne5 33. Qd4 Nc4 34. Rb3 Re4 35. Qd3 Rce8 0-1

[Event "Puhajarve rap op 16th"]
[Site "Puhajarve"]
[Date "2015.11.28"]
[Round "19"]
[White "Huebner, Robert"]
[Black "Medar, Marti"]
[Result "1-0"]
[WhiteElo "2588"]
[BlackElo "1984"]
[PlyCount "97"]
[EventDate "2015.11.27"]
[EventType "tourn (rapid)"]
[EventRounds "33"]
[EventCountry "EST"]
[EventCategory "1"]
[SourceTitle "CBM 169 Extra"]
[Source "ChessBase"]
[SourceDate "2015.12.18"]
[SourceVersion "1"]
[SourceVersionDate "2015.12.18"]
[SourceQuality "1"]

1. d4 c6 2. c4 d6 3. Nc3 Qc7 4. e4 Nf6 5. Nf3 Bg4 6. Be2 Nbd7 7. 0-0 e5 8. Be3 Be7 9. h3 Bh5 10. Rc1 0-0 11. d5 a5 12. Nd2 Bg6 13. f3 Nh5 14. Kh2 Bh4 15. Bf2 Bxf2 16. Rxf2 Qb6 17. Rf1 Qe3 18. Qe1 Qf4+ 19. Kg1 Qe3+ 20. Rf2 Nf4 21. Bf1 Qb6 22. Nd1 Nc5 23. Qe3 f5 24. exf5 Bxf5 25. Ne4 Bxe4 26. fxe4 Ng6 27. Rcc2 Qc7 28. Nc3 Qe7 29. g3 Rxf2 30. Rxf2 Rf8 31. h4 Rxf2 32. Qxf2 Qf6 33. Qxf6 gxf6 34. Kf2 Kf7 35. Ke3 Ne7 36. Bh3 Kg6 37. a3 f5 38. b4 axb4 39. axb4 Nb3 40. dxc6 bxc6 41. b5 cxb5 42. Nxb5 Nc5 43. Nxd6 fxe4 44. Nxe4 Nb7 45. Bd7 Nf5+ 46. Kd3 Nfd6 47. Nxd6 Nxd6 48. c5 Nb7 49. c6 1-0

[Event "Puhajarve rap op 16th"]
[Site "Puhajarve"]
[Date "2015.11.28"]
[Round "11"]
[White "Medar, Marti"]
[Black "Kulaots, Kaido"]
[Result "0-1"]
[WhiteElo "1984"]
[BlackElo "2570"]
[PlyCount "64"]
[EventDate "2015.11.27"]
[EventType "tourn (rapid)"]
[EventRounds "33"]
[EventCountry "EST"]
[EventCategory "1"]
[SourceTitle "CBM 169 Extra"]
[Source "ChessBase"]
[SourceDate "2015.12.18"]
[SourceVersion "1"]
[SourceVersionDate "2015.12.18"]
[SourceQuality "1"]

1. d4 Nf6 2. c4 e6 3. Nc3 Bb4 4. Qc2 0-0 5. Nf3 c5 6. dxc5 Na6 7. e3 Nxc5 8. Bd2 b6 9. a3 Bxc3 10. Bxc3 Bb7 11. Be2 Nce4 12. Bb4 Re8 13. 0-0 Qc7 14. Rac1 Rac8 15. Qb1 a5 16. Bc3 h6 17. Rfd1 Ng4 18. Be1 Ng5 19. h3 Nxf3+ 20. Bxf3 Bxf3 21. gxf3 Qh2+ 22. Kf1 Qxh3+ 23. Ke2 Nh2 24. Qe4 Qf1+ 25. Kd2 d5 26. Qf4 Qg2 27. cxd5 Nxf3+ 28. Kd3 Qf1+ 29. Ke4 Ng5+ 30. Ke5 Rxc1 31. Rxc1 Qd3 32. Qd4 Nf3+ 0-1

[Event "Puhajarve rap op 16th"]
[Site "Puhajarve"]
[Date "2015.11.27"]
[Round "2"]
[White "Shirov, Alexei"]
[Black "Medar, Marti"]
[Result "1-0"]
[WhiteElo "2689"]
[BlackElo "1984"]
[PlyCount "46"]
[EventDate "2015.11.27"]
[EventType "tourn (rapid)"]
[EventRounds "33"]
[EventCountry "EST"]
[EventCategory "1"]
[SourceTitle "CBM 169 Extra"]
[Source "ChessBase"]
[SourceDate "2015.12.18"]
[SourceVersion "1"]
[SourceVersionDate "2015.12.18"]
[SourceQuality "1"]

1. e4 c6 2. d4 d6 3. Nc3 Qc7 4. f4 Nf6 5. Nf3 Bg4 6. Bd3 e5 7. Be3 Nbd7 8. Qd2 Be7 9. 0-0-0 a5 10. h3 Bxf3 11. gxf3 0-0 12. Rhg1 Kh8 13. fxe5 dxe5 14. f4 exd4 15. Bxd4 Bc5 16. Bxc5 Nxc5 17. e5 Nd5 18. Bxh7 Kxh7 19. Qf2 Qe7 20. Rxd5 cxd5 21. Nxd5 Rfc8 22. Qg3 Qf8 23. Nf6+ gxf6 1-0